00450pab a2200145 454500008004000000100001700040245009500057260000900152300001500161362001200176650002700188650002900215650002100244773003900265180718b2000 xxu||||| |||| 00| 0 eng d aDatt, Ruddar aRegional patterns of industrial relations in India: changing scenario after liberalisation c2000 ap.1061-098 aOct-Dec aLiberalization - India aLabour relations - India aLabour relations aIndian Journal of Labour Economics